Sports Quiz

Random Sports or Football Quiz
Score 0/75 Timer 10:00
0 Plays Today
Honours Captain % Correct
1923 FA Cup; 1926 FA CupJoe Smith
66.7%
1938 FA CupTom Smith
66.7%
1904 FA CupBilly Meredith
53.3%
1933 1st Div, Charity Shield; 1934 1st Div, Charity Shield; 1935 1st Div; 1936 FA CupAlex James
46.7%
1873 FA Cup; 1878 FA Cup; 1879 FA Cup*; 1882 FA Cup*Arthur Kinnaird
46.7%
1885 FA Cup; 1886 FA CupJames Brown
46.7%
1920 1st Div, Charity ShieldJesse Pennington
46.7%
1901 FA CupJack L. Jones
46.7%
1937 FA CupRaich Carter
46.7%
1898 1st Div; 1899 FA Cup; 1902 FA CupErnest Needham
40%
1932 1st Div, Charity Shield; 1933 FA CupDixie Dean
40%
1922 FA Cup, Charity ShieldTommy Wilson
40%
1895 1st DivHughie Wilson
40%
1906 FA CupJack Taylor
40%
1912 FA CupArchie Taylor
40%
1894 1st Div; 1985 FA Cup; 1896 1st Div; 1897 FA Cup; 1897 1st Div; 1899 1st Div; 1900 1st DivJohn Devey
33.3%
1912 1st Div, Charity Shield; 1914 1st DivBob Crompton
33.3%
1924 1st Div; 1925 1st Div; 1926 1st DivClem Stephenson
33.3%
1910 1st Div; 1913 FA CupJoseph Bache
33.3%
1929 1st Div; 1930 1st DivErnie Blenkinsop
33.3%
1938 1st Div, Charity ShieldEddie Hapgood
33.3%
1893 FA CupHarry Allen
33.3%
1905 FA CupHoward Spencer
33.3%
1920 FA CupAndy Ducat
33.3%
1935 FA Cup, Charity ShieldRonnie Starling
26.7%
1887 FA CupArchie Hunter
26.7%
1927 1st DivHughie Gallacher
26.7%
1930 FA Cup, Charity Shield; 1931 1st Div, Charity ShieldTom Parker
20%
1934 FA CupStan Cowan
20%
1908 1st Div, Charity Shield; 1909 FA Cup; 1911 1st Div, Charity ShieldCharlie Roberts
13.3%
1914 FA Cup; 1921 1st DivTommy Boyle
13.3%
1927 FA Cup, Charity ShieldFred Keenor
13.3%
1928 1st Div, Charity ShieldWarney Cresswell
13.3%
1872 FA CupC.W. Alcock
13.3%
1892 FA CupCharlie Perry
13.3%
1913 1st DivCharlie Thomson
13.3%
1915 FA CupGeorge Utley
13.3%
1921 FA Cup, Charity ShieldArthur Grimsdell
13.3%
Honours Captain % Correct
1925 FA CupBilly Gillespie
13.3%
1931 FA CupTommy Glidden
13.3%
1932 FA CupJimmy Nelson
13.3%
1939 1st DivJock Thomson
13.3%
1939 FA CupJimmy Guthrie
13.3%
1907 1st Div; 1909 1st Div, Charity Shield; 1910 FA CupColin Veitch
6.7%
1889 1st Div, FA Cup; 1890 1st DivFred Dewhurst
6.7%
1903 1st Div; 1904 1st Div; 1907 FA CupTommy Crawshaw
6.7%
1876 FA Cup; 1877 FA CupFrancis Birley
6.7%
1890 FA Cup; 1891 FA CupJohn Forbes
6.7%
1892 1st Div; 1893 1st DivJohn Auld
6.7%
1901 1st Div; 1906 1st DivAlex Raisbeck
6.7%
1922 1st Div; 1923 1st DivDon Mackinlay
6.7%
1936 1st Div, Charity ShieldAlex Hastings
6.7%
1937 1st Div, Charity ShieldSam Barkas
6.7%
1874 FA CupCuthbert Ottaway
6.7%
1875 FA CupWilliam Merriman
6.7%
1880 FA CupRobert Ogilvie
6.7%
1881 FA CupEdward Hagarty Parry
6.7%
1883 FA CupArthur Warburton
6.7%
1884 FA CupHugh McIntyre
6.7%
1888 FA CupJem Bayliss
6.7%
1891 1st DivAndrew Hannah
6.7%
1894 FA CupDavid Calderhead
6.7%
1896 FA CupJack Earp
6.7%
1898 FA CupFrank Forman
6.7%
1900 FA CupJack Pray
6.7%
1902 1st DivMatthew Ferguson
6.7%
1903 FA CupGeorge Ross
6.7%
1905 1st DivAndy Aitken
6.7%
1908 FA CupBilly Wooldridge
6.7%
1910 Charity ShieldJoe Leeming
6.7%
1911 FA CupJimmy Speirs
6.7%
1915 1st DivJimmy Galt
6.7%
1924 FA CupFrank Hudspeth
6.7%
1928 FA CupHarry Healless
6.7%
1929 FA CupJimmy Seddon
6.7%
Remove Ads.
Support Sporcle.
Get the best of Sporcle when you Go Orange. This ad-free experience offers more features, more stats, and more fun while also helping to support Sporcle. Thank you for becoming a member.

You're not logged in!

Compare scores with friends on all Sporcle quizzes.
OR
Log In

Show Comments

Extras

Top Quizzes Today


Score Distribution

Your Account Isn't Verified!

In order to create a playlist on Sporcle, you need to verify the email address you used during registration. Go to your Sporcle Settings to finish the process.

Report this User

Report this user for behavior that violates our Community Guidelines.

Details: